000 00255nam a22001217a 4500
008 170615b xxu||||| |||| 00| 0 eng d
041 _aeng
080 _a327
100 _a19
101 _aSHP
245 _aWORLD POLITICS
_cGRAZIA,A.D
942 _2udc
_cBK
999 _c17469
_d17469